Das Deutschmobil. Munkafüzet Deutsch als Fremdsprache für Kinder 1

Podrobná bibliografia
Hlavní autori: Douvitsas-Gamst, Jutta (Autor), Xanthos, Eleftherios (Autor), Xanthos-Kretzschmer, Sigrid (Autor)
Médium: Kniha
Jazyk:nemčina
Fyzický popis:118 s. Fotogr., ilustr., nem.-maď. slovník 29 cm
Vydavateľské údaje: Bratislava Slovenské pedagogické nakladateľstvo 1995
ISBN:800800679X
Predmet:

MARC

LEADER 00000nam a2200000 a 4500
001 vtls001058506
003 SK-MaSNL
005 20260301110634.0
008 250414s1995 xo aep r yy 0 ger
015 |a SNBA1995/0802154 
020 |a 800800679X 
035 |a SNK000001322 
035 |a urn:nbn:sk:snk-amlo06 
035 |a urn:nbn:sk:snk-am00bxcq 
035 |a E59B132C-2548-4949-BEF0-BC080798DF9B 
040 |a SNK  |b slo  |c SNK  |e AACR2 
041 0 |a ger 
044 |a xo  |c SK 
080 |a 372.880.30(075.2)(076.5)  |2 1981 
100 1 |a Douvitsas-Gamst, Jutta  |4 aut  |9 43451 
245 1 4 |a Das Deutschmobil. Munkafüzet  |b Deutsch als Fremdsprache für Kinder  |n 1  |c Jutta Douvitsas-Gamst, Eleftherios Xanthos, Sigrid Xanthos-Kretzschmer 
260 |a Bratislava  |b Slovenské pedagogické nakladateľstvo  |c 1995 
300 |a 118 s.  |b Fotogr., ilustr., nem.-maď. slovník  |c 29 cm 
500 |a Tir. slov. 
650 0 7 |a nemčina  |x učebnice zákl. škôl maď.  |x zošity pracovné  |2 SNK  |9 283843 
655 7 |a učebnice  |2 SNK  |9 22521 
700 1 |a Xanthos, Eleftherios  |4 aut  |9 47811 
700 1 |a Xanthos-Kretzschmer, Sigrid  |4 aut  |9 47812 
852 |a Slovenská národná knižnica 
919 |a 80-08-00679-X 
958 |a TL 
958 |a UX 
958 |a OND 
999 |c 703681  |d 705611 
952 |t P60, <09>, [BOOK], {629}  |a SNK  |b SNK  |y NEVYP  |7 0  |o snkB 706  |i snk2260/950627  |0 0  |1 0  |4 0  |d 1995-06-26  |l 0  |r 2004-12-31 00:00:00  |w 2026-02-23 
952 |t P60, <03>, [BOOK], {603}  |a SNK  |b SNK  |y PREZ  |7 0  |p 17A0906747  |o snkSB 54219/1[B]  |i snkKSP 6337/95  |0 0  |1 0  |4 0  |d 1995-06-30  |f 1  |l 0  |r 2025-03-26 00:00:00  |w 2026-02-23 
952 |t P60, <04>, [BOOK], {604}  |a SNK  |b SNK  |y VYP  |7 0  |p 17A0015008  |o snkSB 54219/1[B] D1  |i snkKSP 6338/95  |0 0  |1 0  |4 0  |d 1995-06-30  |l 0  |r 2004-12-31 00:00:00  |w 2026-02-23